[Event "POL-ch Rapid U18"]
[Site "Bydgoszcz"]
[Date "2023.08.29"]
[Round "3"]
[White "Derejczyk, Mateusz"]
[Black "Kutowski, Marcel"]
[Result "0-1"]
[WhiteElo "1825"]
[BlackElo "2083"]
[PlyCount "82"]
[EventDate "2023.08.28"]
[EventType "swiss"]
[EventRounds "11"]
[EventCountry "POL"]
[SourceTitle "EXT 2024"]
[Source "ChessBase"]
[SourceDate "2023.10.10"]
[SourceVersion "1"]
[SourceVersionDate "2023.10.10"]
[SourceQuality "1"]

1. e4 c5 2. Nf3 d6 3. d4 cxd4 4. Nxd4 Nf6 5. Nc3 a6 6. Bg5 e6 7. Be2 Nbd7 8. 0-0 Be7 9. Qd2 Qc7 10. a4 b6 11. f4 Bb7 12. Bf3 0-0 13. Rfe1 h6 14. Bxf6 Bxf6 15. Rad1 Rfd8 16. Re3 Rac8 17. Nce2 Nc5 18. e5 dxe5 19. fxe5 Bg5 20. Bxb7 Qxb7 21. b3 Rd5 22. h4 Bxe3+ 23. Qxe3 Qc7 24. Rf1 Qxe5 25. Qf2 Rc7 26. c4 Nd3 27. Qf3 Rxd4 28. Nxd4 Qxd4+ 29. Kh1 Qxh4+ 30. Kg1 Qd4+ 31. Kh1 Rd7 32. Qa8+ Kh7 33. Qf3 Qh4+ 34. Kg1 Ne5 35. Qe3 Qh2+ 36. Kxh2 Ng4+ 37. Kg3 Nxe3 38. Rf3 Nc2 39. Rc3 Nb4 40. Kf4 Kg6 41. c5 Nd5+ 0-1

[Event "Lazy Baltic Pearl op-A 17th"]
[Site "Lazy"]
[Date "2021.06.28"]
[Round "2"]
[White "Gajdzica, Maciej"]
[Black "Derejczyk, Mateusz"]
[Result "1-0"]
[WhiteElo "2000"]
[BlackElo "1487"]
[PlyCount "55"]
[EventDate "2021.06.27"]
[EventType "swiss"]
[EventRounds "9"]
[EventCountry "POL"]
[SourceTitle "EXT 2022"]
[Source "ChessBase"]
[SourceDate "2021.10.06"]
[SourceVersion "1"]
[SourceVersionDate "2021.10.06"]
[SourceQuality "1"]

1. e4 c5 2. Nf3 Nc6 3. Bb5 g6 4. Bxc6 dxc6 5. d3 Bg7 6. 0-0 Qc7 7. a4 a5 8. Nbd2 Nf6 9. h3 0-0 10. Nc4 Nd7 11. Nh2 e5 12. f4 Re8 13. f5 b5 14. Ne3 Ba6 15. axb5 cxb5 16. Nd5 Qd8 17. f6 Bf8 18. Ng4 Bb7 19. Nh6+ Bxh6 20. Ne7+ Kh8 21. Bxh6 Nxf6 22. Bg5 Qd4+ 23. Kh1 Ng8 24. Rxf7 Rxe7 25. Bxe7 Ra6 26. c3 Qe3 27. Qf1 c4 28. Bf8 1-0

[Event "Ustron op-C"]
[Site "Ustron"]
[Date "2020.08.15"]
[Round "1"]
[White "Derejczyk, Mateusz"]
[Black "Raptis, Janis"]
[Result "1-0"]
[WhiteElo "1297"]
[BlackElo "1680"]
[PlyCount "68"]
[EventDate "2020.08.15"]
[EventType "swiss"]
[EventRounds "9"]
[EventCountry "POL"]
[SourceTitle "EXT 2021"]
[Source "ChessBase"]
[SourceDate "2020.10.23"]
[SourceVersion "1"]
[SourceVersionDate "2020.10.23"]
[SourceQuality "1"]

1. e4 c6 2. d4 d5 3. exd5 cxd5 4. c4 Nf6 5. Nc3 Nc6 6. Nf3 Bg4 7. cxd5 Nxd5 8. Qb3 Bxf3 9. gxf3 e6 10. Qxb7 Ndb4 11. Bb5 Rc8 12. a3 Nc2+ 13. Kf1 N2xd4 14. Be3 Nxb5 15. Nxb5 Be7 16. Ke2 Na5 17. Qe4 Rc4 18. Qd3 Qxd3+ 19. Kxd3 0-0 20. b4 Rd8+ 21. Nd4 e5 22. bxa5 Ra4 23. Rhc1 exd4 24. Bd2 h6 25. Rc7 Bd6 26. Rxa7 Rb8 27. Rd7 Bxh2 28. f4 Rb3+ 29. Ke2 d3+ 30. Kf3 g5 31. fxg5 h5 32. Rh1 Be5 33. Re1 Bb2 34. g6 Rb8 1-0